Science Quiz

Random Science or Anatomy Quiz

Lower Leg muscles (latin) Quiz Stats

 Plays Quiz not verified by Sporcle

Score 0/13 Timer 05:00
0 Plays Today
% Correct
Musculus soleus
85.7%
Musculus tibialis anterior
71.4%
Musculus gastrocenmius
71.4%
Musculus popliteus
71.4%
Musculus plantaris
71.4%
Musculus tibialis posterior
71.4%
Musculus extensor hallucis longus
57.1%
Musuculus extensor digitorum longus
57.1%
Musculus flexor digitorum longus
57.1%
Musculus flexor hallucis longus
57.1%
Musculus fibularis longus
42.9%
M fibularis brevis
42.9%
Musculus fibularis tertius
42.9%

You're not logged in!

Compare scores with friends on all Sporcle quizzes.
OR
Log In

You Might Also Like...

Show Comments

Extras

Top Quizzes Today


Score Distribution

Your Account Isn't Verified!

In order to create a playlist on Sporcle, you need to verify the email address you used during registration. Go to your Sporcle Settings to finish the process.

Report this User

Report this user for behavior that violates our Community Guidelines.

Details: